Gaming Quiz

Random Gaming or Math Quiz

Morphelia's Shapes Quiz Stats

 Plays Quiz not verified by Sporcle

Challenge
Share
Tweet
Embed
Score 0/8 Timer 02:00
0 Plays Today
Hint Answer % Correct
Hey, look at that! She's asquare
100%
Hey, look at that! She's atriangle
85.7%
Hey, look at that! She's acircle
71.4%
Look out boys! She's a hexagon
57.1%
Hey, look at that! She's adiamond
42.9%
Hey, look at that! She's arectangle
42.9%
Hey, look at that! She's atrapezoid
42.9%
Look out boys! She's anoctagon
42.9%

You're not logged in!

Compare scores with friends on all Sporcle quizzes.
OR
Log In

You Might Also Like...

Show Comments

Extras

Top Quizzes Today


Score Distribution

Your Account Isn't Verified!

In order to create a playlist on Sporcle, you need to verify the email address you used during registration. Go to your Sporcle Settings to finish the process.

Report this User

Report this user for behavior that violates our Community Guidelines.

Details: